| 000 | 00539 a2200193 4500 | ||
|---|---|---|---|
| 005 | 20250327113503.0 | ||
| 008 | 250326b |||||||| |||| 00| 0 eng d | ||
| 020 |
_a9788197092541 _cRs. 2700.00 |
||
| 040 | _aMAIN | ||
| 082 |
_a639.9 _bS64B |
||
| 100 | _aSinha, Ajay Kumar | ||
| 245 | _aBiodiversity and sustainable development | ||
| 260 |
_bAsia Publishers and Distributors _c2025 _aNew Delhi |
||
| 300 | _ax, 302 | ||
| 650 | _aBiodiversity | ||
| 650 | _aSustainable Development | ||
| 650 | _aEnvironmental Politics | ||
| 942 | _cBK | ||
| 999 |
_c386552 _d386552 |
||